000 00861nam a2200265Ia 4500
003 OSt
005 20220925185905.0
006 a|||||r|||| 00| 0
007 ta
008 220923b |||||||| |||| 00| 0 eng d
020 _a9788131505342
_c1000
037 _b21690, 29/08/2007, Segment Book Distrobutors
_cGeneral Book
040 _aRTL
_cRTL
_beng
041 _2eng
_aeng
082 _aX :9, P6
100 _aWerner Jon M
245 0 _aHuman rersource development
_b Foundation, framework and application
250 _a4
260 _aAustralia
_bThomson
_c2006
300 _axxiii, 695P
_ccm.
500 _aBibliography: P 643-48; Glossary: P 649-74
700 _a Desimone Randy L
942 _hX :9, P6
_cGB
_2CC
999 _c512535
_d512535